[Event "NATO-ch 33rd"]
[Site "Portoroz"]
[Date "2023.09.05"]
[Round "3"]
[White "Nilsson, Erik"]
[Black "Cichy, Kamil"]
[Result "1/2-1/2"]
[WhiteElo "2010"]
[BlackElo "2195"]
[PlyCount "34"]
[EventDate "2023.09.04"]
[EventType "swiss"]
[EventRounds "7"]
[EventCountry "SLO"]
[SourceTitle "EXT 2024"]
[Source "ChessBase"]
[SourceDate "2023.10.10"]
[SourceVersion "1"]
[SourceVersionDate "2023.10.10"]
[SourceQuality "1"]

1. d4 d6 2. e4 Nf6 3. Nc3 Nbd7 4. Nf3 e5 5. Bc4 Be7 6. 0-0 0-0 7. a4 c6 8. Re1 Qc7 9. Ba2 a5 10. h3 Rb8 11. Qe2 h6 12. Be3 b5 13. axb5 cxb5 14. dxe5 Nxe5 15. Nxe5 dxe5 16. Nd5 Nxd5 17. Bxd5 Bd7 1/2-1/2

[Event "NATO-ch 31st"]
[Site "Blankenberge"]
[Date "2021.10.15"]
[Round "7.12"]
[White "Cichy, Kamil"]
[Black "Nielsen, Jan Mose"]
[Result "1/2-1/2"]
[WhiteElo "2179"]
[BlackElo "1981"]
[PlyCount "57"]
[EventDate "2021.10.11"]
[EventType "team-swiss"]
[EventRounds "7"]
[EventCountry "BEL"]
[SourceTitle "CBM 204 Extra"]
[Source "ChessBase"]
[SourceDate "2021.11.30"]
[SourceVersion "1"]
[SourceVersionDate "2021.11.30"]
[SourceQuality "1"]
[WhiteTeam "Poland"]
[BlackTeam "Denmark"]
[WhiteTeamCountry "POL"]
[BlackTeamCountry "DEN"]

1. e4 c5 2. Nf3 d6 3. Bb5+ Bd7 4. a4 Nc6 5. c3 g6 6. 0-0 Bg7 7. d4 cxd4 8. cxd4 Rc8 9. Nc3 a6 10. Bxc6 Rxc6 11. h3 Qc8 12. Be3 h5 13. Rc1 Bh6 14. Bxh6 Nxh6 15. Qd2 Kf8 16. Nd5 e6 17. Nb6 Qd8 18. a5 Kg7 19. Qf4 Qe7 20. d5 e5 21. Qd2 Rxc1 22. Rxc1 Bb5 23. Rc3 Re8 24. Qc1 Qf6 25. Rc7 Re7 26. Nc8 Rd7 27. Nb6 Re7 28. Nc8 Rd7 29. Nb6 1/2-1/2

[Event "NATO-ch 29th"]
[Site "Lubbock"]
[Date "2018.06.05"]
[Round "2"]
[White "Tremblay, Mario"]
[Black "Cichy, Kamil"]
[Result "0-1"]
[WhiteElo "1636"]
[BlackElo "2094"]
[PlyCount "46"]
[EventDate "2018.06.04"]
[EventType "swiss"]
[EventRounds "7"]
[EventCountry "USA"]
[SourceTitle "EXT 2019"]
[Source "ChessBase"]
[SourceDate "2018.10.10"]
[SourceVersion "1"]
[SourceVersionDate "2018.10.10"]
[SourceQuality "1"]

1. e4 c5 2. c3 e5 3. Nf3 Nc6 4. d4 cxd4 5. cxd4 exd4 6. Nxd4 Nf6 7. Bc4 Bb4+ 8. Nc3 Qa5 9. 0-0 0-0 10. Nd5 Nxd5 11. Nxc6 dxc6 12. exd5 cxd5 13. Qxd5 Qc7 14. Qe4 Bd6 15. h3 Bd7 16. Bd3 f5 17. Qh4 Bc6 18. Be3 Be5 19. Rab1 Rad8 20. Qc4+ Kh8 21. Rfc1 f4 22. Bc5 f3 23. Bxf8 Rxf8 0-1

[Event "POL-ch (Public Admin) 3rd rapid"]
[Site "Warsaw"]
[Date "2017.12.09"]
[Round "6.6"]
[White "Cichy, Kamil"]
[Black "Niedbala, Rafal"]
[Result "1/2-1/2"]
[WhiteElo "2024"]
[BlackElo "2110"]
[PlyCount "50"]
[EventDate "2017.12.09"]
[EventType "swiss (rapid)"]
[EventRounds "9"]
[EventCountry "POL"]
[SourceTitle "CBM 182 Extra"]
[Source "ChessBase"]
[SourceDate "2018.02.23"]
[SourceVersion "1"]
[SourceVersionDate "2018.02.23"]
[SourceQuality "1"]

1. e4 c6 2. d4 d5 3. exd5 cxd5 4. Bd3 Nc6 5. c3 g6 6. Bf4 Bg7 7. h3 Nf6 8. Nf3 0-0 9. Nbd2 a6 10. a4 Re8 11. 0-0 Nd7 12. Re1 e5 13. dxe5 Ndxe5 14. Bf1 Nxf3+ 15. Nxf3 Rxe1 16. Qxe1 Be6 17. Rd1 Qa5 18. Ng5 Re8 19. Qe3 Qd8 20. Qd2 Bf6 21. Re1 d4 22. Nxe6 Rxe6 23. Rxe6 fxe6 24. cxd4 Qxd4 25. Qxd4 Nxd4 1/2-1/2

[Event "POL-ch (Public Admin) 3rd rapid"]
[Site "Warsaw"]
[Date "2017.12.09"]
[Round "7.5"]
[White "Sygulski, Pawel"]
[Black "Cichy, Kamil"]
[Result "1-0"]
[WhiteElo "2250"]
[BlackElo "2024"]
[PlyCount "105"]
[EventDate "2017.12.09"]
[EventType "swiss (rapid)"]
[EventRounds "9"]
[EventCountry "POL"]
[SourceTitle "CBM 182 Extra"]
[Source "ChessBase"]
[SourceDate "2018.02.23"]
[SourceVersion "1"]
[SourceVersionDate "2018.02.23"]
[SourceQuality "1"]

1. c4 c5 2. Nc3 Nc6 3. g3 g6 4. Bg2 Bg7 5. Nf3 d6 6. 0-0 e5 7. d3 Nge7 8. Ne1 0-0 9. Nc2 Rb8 10. Ne3 h6 11. Rb1 Kh7 12. a3 f5 13. Ned5 Nxd5 14. Nxd5 Bd7 15. b4 Nd4 16. e3 Ne6 17. Bd2 b5 18. Qc2 Qe8 19. bxc5 Nxc5 20. Nc7 Qe7 21. Nxb5 Bxb5 22. Rxb5 Rxb5 23. cxb5 e4 24. dxe4 fxe4 25. Bb4 Nd3 26. Qc6 Qg5 27. Qxe4 Qxb5 28. Qc6 Qxc6 29. Bxc6 Nxb4 30. axb4 Rc8 31. b5 Rc7 32. Rd1 Bf8 33. Ra1 Kg7 34. Ra4 Be7 35. Kg2 Bf6 36. f4 Kf7 37. Kf3 Ke7 38. Re4+ Kf7 39. h4 Re7 40. Bd5+ Kf8 41. Rc4 Bb2 42. Rc6 Ba3 43. g4 Kg7 44. Rc8 Bb4 45. e4 Ba3 46. g5 hxg5 47. hxg5 Bb4 48. f5 gxf5 49. exf5 Re5 50. f6+ Kg6 51. Rg8+ Kh5 52. f7 Rf5+ 53. Ke4 1-0

[Event "NATO-ch 27th"]
[Site "Shrivenham"]
[Date "2016.08.23"]
[Round "2"]
[White "Cichy, Kamil"]
[Black "Marquardt, Christian"]
[Result "1-0"]
[WhiteElo "2001"]
[BlackElo "2099"]
[PlyCount "73"]
[EventDate "2016.08.22"]
[EventType "swiss"]
[EventRounds "7"]
[EventCountry "ENG"]
[SourceTitle "EXT 2018"]
[Source "ChessBase"]
[SourceDate "2017.10.13"]
[SourceVersion "1"]
[SourceVersionDate "2017.10.13"]
[SourceQuality "1"]

1. e4 d6 2. d4 Nf6 3. Nc3 e5 4. Nf3 Nbd7 5. Be2 Be7 6. 0-0 c6 7. a4 0-0 8. h3 Qc7 9. Be3 Re8 10. Nd2 b6 11. f4 exd4 12. Bxd4 Bb7 13. Bf3 a6 14. Qe1 b5 15. axb5 axb5 16. Rxa8 Bxa8 17. Qg3 b4 18. Nd1 c5 19. Bf2 Bf8 20. Re1 Bc6 21. Ne3 Bxe4 22. Nxe4 Nxe4 23. Nd5 Nxg3 24. Rxe8 Qa7 25. Ne7+ Kh8 26. Bxg3 g6 27. Bh4 Kg7 28. Nd5 h6 29. Kh2 f6 30. Rc8 g5 31. fxg5 hxg5 32. Bg3 Qa4 33. Rc7 Kg6 34. b3 Qb5 35. Be4+ f5 36. Bd3 Qa6 37. Bxa6 1-0

[Event "POL-chT 2nd League"]
[Site "Lazy"]
[Date "2012.09.04"]
[Round "4"]
[White "Kowalski, Igor"]
[Black "Cichy, Kamil"]
[Result "1/2-1/2"]
[WhiteElo "1770"]
[BlackElo "1992"]
[PlyCount "100"]
[EventDate "2012.09.01"]
[EventType "team-swiss"]
[EventRounds "9"]
[EventCountry "POL"]
[SourceTitle "EXT 2019"]
[Source "ChessBase"]
[SourceDate "2018.10.10"]
[SourceVersion "1"]
[SourceVersionDate "2018.10.10"]
[SourceQuality "1"]
[WhiteTeam "Warszawa Polonia II"]
[BlackTeam "Rybnik MKSz"]
[WhiteTeamCountry "POL"]
[BlackTeamCountry "POL"]

1. e4 c5 2. Nf3 e6 3. b3 b6 4. Bb2 Bb7 5. d3 d6 6. Be2 Nd7 7. 0-0 Ngf6 8. Nbd2 Be7 9. Ne1 Qc7 10. f4 a6 11. h3 d5 12. e5 Ng8 13. Ndf3 Nh6 14. Qd2 Nf5 15. c3 Nf8 16. d4 Ng3 17. Rf2 Ne4 18. Qe3 Nxf2 19. Kxf2 Ng6 20. Rc1 Rc8 21. g3 cxd4 22. cxd4 Qd7 23. Rxc8+ Qxc8 24. a3 Bf8 25. Bd3 Ne7 26. g4 h5 27. Kg2 hxg4 28. hxg4 a5 29. Qe2 g6 30. Qf1 Bh6 31. Kg3 Nc6 32. Nd2 Nb8 33. Qf2 Ba6 34. Bb1 b5 35. Bc2 b4 36. a4 Nd7 37. Ndf3 Kd8 38. Qd2 Kc7 39. Qg2 Kb8 40. g5 Bf8 41. Bb1 Be7 42. Bc2 Rh5 43. Bd1 Qh8 44. Ng1 Rh1 45. Nef3 Bd3 46. Nh2 Be4 47. Bf3 Bxf3 48. Ngxf3 Rb1 49. Qc2 Rh1 50. Qg2 Rb1 1/2-1/2

[Event "POL-chT U19 43th"]
[Site "Suchedniow"]
[Date "2012.07.??"]
[Round "1"]
[White "Cichy, Kamil"]
[Black "Nasuta, Grzegorz"]
[Result "1/2-1/2"]
[WhiteElo "1983"]
[BlackElo "2236"]
[PlyCount "81"]
[EventDate "2012.07.21"]
[EventType "team-tourn"]
[EventRounds "9"]
[EventCountry "POL"]
[SourceTitle "EXT 2014"]
[Source "ChessBase"]
[SourceDate "2013.11.20"]
[SourceVersion "1"]
[SourceVersionDate "2013.11.20"]
[SourceQuality "1"]
[WhiteTeam "Rybnik MKSz U19"]
[BlackTeam "Bialystok MUKS Stoczek 45 U19"]
[WhiteTeamCountry "POL"]
[BlackTeamCountry "POL"]

1. e4 c5 2. Nf3 d6 3. Bb5+ Nd7 4. d4 Ngf6 5. Nc3 cxd4 6. Qxd4 a6 7. Bxd7+ Nxd7 8. Be3 e6 9. a4 Qc7 10. a5 Ne5 11. Nxe5 dxe5 12. Qd3 Bb4 13. Bb6 Qe7 14. 0-0 Bd7 15. Rfd1 Bc6 16. Qg3 f6 17. Rd3 0-0 18. Qe3 Qe8 19. Na2 Be7 20. Rad1 Qg6 21. f3 Bb5 22. Rc3 Rae8 23. Rc7 Bc6 24. Rxe7 Rxe7 25. Bc5 Qf7 26. Bxe7 Qxe7 27. Qb6 Rc8 28. Nc3 Qc7 29. Qxc7 Rxc7 30. Kf2 Kf7 31. Ke3 Ke7 32. g3 Be8 33. h3 Rc5 34. Ra1 f5 35. Kd2 Bc6 36. Kd3 Be8 37. Kd2 Kd6 38. b4 Rc4 39. Rb1 Kc7 40. Kd3 Rd4+ 41. Ke3 1/2-1/2

[Event "POL-chT U19 43th"]
[Site "Suchedniow"]
[Date "2012.07.??"]
[Round "9"]
[White "Dragun, Kamil"]
[Black "Cichy, Kamil"]
[Result "1-0"]
[WhiteElo "2434"]
[BlackElo "1983"]
[PlyCount "47"]
[EventDate "2012.07.21"]
[EventType "team-tourn"]
[EventRounds "9"]
[EventCountry "POL"]
[SourceTitle "EXT 2014"]
[Source "ChessBase"]
[SourceDate "2013.11.20"]
[SourceVersion "1"]
[SourceVersionDate "2013.11.20"]
[SourceQuality "1"]
[WhiteTeam "Gorzow Wielkopolski Stilon U19"]
[BlackTeam "Rybnik MKSz U19"]
[WhiteTeamCountry "POL"]
[BlackTeamCountry "POL"]

1. e4 c5 2. Nf3 Nf6 3. e5 Nd5 4. Nc3 Nxc3 5. dxc3 Nc6 6. Bf4 e6 7. Qd2 Qc7 8. 0-0-0 b6 9. Qe3 h6 10. Nd2 Ne7 11. Nc4 Nf5 12. Qh3 Bb7 13. Rg1 b5 14. g4 bxc4 15. gxf5 Bd5 16. Rxd5 exd5 17. Bg2 Rb8 18. Bxd5 Qb6 19. Qh5 Qxb2+ 20. Kd2 Qb5 21. Qxf7+ Kd8 22. e6 d6 23. Rxg7 Bxg7 24. e7+ 1-0

[Event "POL-chT U19 43th"]
[Site "Suchedniow"]
[Date "2012.07.??"]
[Round "2"]
[White "Sadzikowski, Daniel"]
[Black "Cichy, Kamil"]
[Result "1-0"]
[WhiteElo "2433"]
[BlackElo "1983"]
[PlyCount "121"]
[EventDate "2012.07.21"]
[EventType "team-tourn"]
[EventRounds "9"]
[EventCountry "POL"]
[SourceTitle "EXT 2014"]
[Source "ChessBase"]
[SourceDate "2013.11.20"]
[SourceVersion "1"]
[SourceVersionDate "2013.11.20"]
[SourceQuality "1"]
[WhiteTeam "Chrzanow UKS SP 8 U19"]
[BlackTeam "Rybnik MKSz U19"]
[WhiteTeamCountry "POL"]
[BlackTeamCountry "POL"]

1. e4 c5 2. Nf3 d6 3. d4 Nf6 4. Nc3 cxd4 5. Nxd4 Nc6 6. Bg5 Qb6 7. Nb3 e6 8. Bxf6 gxf6 9. Qd2 a6 10. 0-0-0 Bd7 11. f4 0-0-0 12. Be2 Be7 13. Bh5 Rhf8 14. Kb1 Kb8 15. Rhf1 Rc8 16. Rf3 Na5 17. Nxa5 Qxa5 18. g4 Bc6 19. Rd3 b5 20. Qe3 Bb7 21. a3 Rc4 22. Rd4 Qb6 23. Qd2 Rxd4 24. Qxd4 Qxd4 25. Rxd4 Kc7 26. f5 e5 27. Rd3 Bd8 28. a4 bxa4 29. Ka2 Kd7 30. Nxa4 Ke7 31. Nc3 Bb6 32. Nd5+ Bxd5+ 33. Rxd5 Rc8 34. Kb3 Rc5 35. Rxc5 Bxc5 36. Kc4 Bg1 37. h3 Be3 38. Kd5 Bc1 39. b3 Bd2 40. Kc6 h6 41. Kb6 a5 42. Kb5 Be1 43. Kc4 Bf2 44. c3 Be3 45. Kb5 Bd2 46. Kxa5 Bxc3+ 47. Kb5 Bd2 48. Kc4 Be1 49. b4 Bd2 50. b5 Kd7 51. Bxf7 Bg5 52. Bd5 Kc7 53. Bc6 Bh4 54. Kd5 Bg5 55. Ke6 Bh4 56. Kf7 Kb6 57. Kg6 Bg5 58. Kh5 Kc7 59. h4 Be3 60. Kg6 Bf2 61. h5 1-0

[Event "POL-chT U19 43th"]
[Site "Suchedniow"]
[Date "2012.07.??"]
[Round "7"]
[White "Wieczorek, Oskar"]
[Black "Cichy, Kamil"]
[Result "1-0"]
[WhiteElo "2284"]
[BlackElo "1983"]
[PlyCount "75"]
[EventDate "2012.07.21"]
[EventType "team-tourn"]
[EventRounds "9"]
[EventCountry "POL"]
[SourceTitle "EXT 2014"]
[Source "ChessBase"]
[SourceDate "2013.11.20"]
[SourceVersion "1"]
[SourceVersionDate "2013.11.20"]
[SourceQuality "1"]
[WhiteTeam "Wroclaw KS Polonia U19"]
[BlackTeam "Rybnik MKSz U19"]
[WhiteTeamCountry "POL"]
[BlackTeamCountry "POL"]

1. Nf3 c5 2. c4 Nf6 3. Nc3 d5 4. cxd5 Nxd5 5. g3 Nc6 6. Bg2 Nc7 7. 0-0 e5 8. d3 Be7 9. Nd2 0-0 10. Nc4 f6 11. f4 exf4 12. gxf4 f5 13. Be3 Be6 14. Bf2 Nd5 15. Qd2 Nxc3 16. Qxc3 Nd4 17. Rae1 b5 18. Ne5 b4 19. Qc1 Bd5 20. Bxd5+ Qxd5 21. b3 Bd6 22. e4 fxe4 23. dxe4 Qe6 24. Bxd4 cxd4 25. Nd3 Rac8 26. Qd1 Rc3 27. Kh1 Be7 28. f5 Qa6 29. Nf4 Bh4 30. Re2 d3 31. Rg2 Rfc8 32. Rfg1 Bf6 33. Nd5 Rc1 34. Nxf6+ Qxf6 35. Qxd3 Qa1 36. Qd7 Rxg1+ 37. Rxg1 Qc3 38. Rxg7+ 1-0

[Event "POL-chT 2st League"]
[Site "Mrzezyno"]
[Date "2010.09.06"]
[Round "3.64"]
[White "Mazalon, Mariusz"]
[Black "Cichy, Kamil"]
[Result "1-0"]
[WhiteElo "2067"]
[BlackElo "1924"]
[PlyCount "67"]
[EventDate "2010.09.04"]
[EventType "team-swiss"]
[EventRounds "9"]
[EventCountry "POL"]
[SourceTitle "EXT 2019"]
[Source "ChessBase"]
[SourceDate "2018.10.10"]
[SourceVersion "1"]
[SourceVersionDate "2018.10.10"]
[SourceQuality "1"]
[WhiteTeam "Bydgoszcz Chemik"]
[BlackTeam "Rybnik MKSz"]
[WhiteTeamCountry "POL"]
[BlackTeamCountry "POL"]

1. e4 c5 2. Nf3 d6 3. c3 Nf6 4. Be2 Nbd7 5. d3 b6 6. 0-0 Bb7 7. Re1 g6 8. Bf1 Bg7 9. a4 0-0 10. Na3 Ne5 11. Nd2 d5 12. f4 Nc6 13. e5 Ne8 14. Nf3 Nc7 15. Bd2 f6 16. b4 fxe5 17. b5 Nb8 18. Nxe5 Nd7 19. Qg4 Nxe5 20. fxe5 Bc8 21. Qh4 Rf5 22. d4 c4 23. Be2 Rf7 24. Nc2 Bd7 25. Rf1 Bf5 26. Nb4 Ne6 27. g4 Be4 28. Rxf7 Kxf7 29. Qxh7 g5 30. Rf1+ Ke8 31. Qh5+ Kd7 32. Bxg5 Qc7 33. Bxe7 Re8 34. Bd6 1-0